Catálogo público

Reflexiones de un agrónomo sui géneris: (Record no. 220171)

MARC details
000 -CABECERA
campo de control de longitud fija 02377nam a22002777a 4500
003 - IDENTIFICADOR DEL NÚMERO DE CONTROL
campo de control OSt
005 - FECHA Y HORA DE LA ÚLTIMA TRANSACCIÓN
campo de control 20240918112151.0
008 - DATOS DE LONGITUD FIJA--INFORMACIÓN GENERAL
campo de control de longitud fija 240917s2024 mx a|||f |||| 001 0 spa d
020 ## - NÚMERO INTERNACIONAL ESTÁNDAR DEL LIBRO
Número Internacional Estándar del Libro 9786071206589
040 ## - FUENTE DE LA CATALOGACIÓN
Centro catalogador/agencia de origen CHAP
Centro/agencia transcriptor CHAP
Normas de descripción rda
082 00 - NÚMERO DE LA CLASIFICACIÓN DECIMAL DEWEY
Número de edición 22
Número de clasificación 378.72092
Número de documento/Ítem R93
100 1# - ENTRADA PRINCIPAL--NOMBRE DE PERSONA
Nombre de persona Ruíz Figueroa, José Feliciano
9 (RLIN) 100875
245 10 - MENCIÓN DE TÍTULO
Título Reflexiones de un agrónomo sui géneris:
Resto del título mi testamento académico, el lado b de Chapingo /
Mención de responsabilidad, etc. por José Feliciano Ruíz Figueroa
250 ## - MENCIÓN DE EDICIÓN
Mención de edición Primera edición
264 #1 - PRODUCCIÓN, PUBLICACIÓN, DISTRIBUCIÓN, FABRICACIÓN Y COPYRIGHT
Producción, publicación, distribución, fabricación y copyright México:
Nombre del de productor, editor, distribuidor, fabricante Universidad Autónoma Chapingo,
Fecha de producción, publicación, distribución, fabricación o copyright 2024.
300 ## - DESCRIPCIÓN FÍSICA
Extensión 429 páginas:
Otras características físicas Ilustraciones, cuadros
336 ## - TIPO DE CONTENIDO
Fuente rdacontent
Término de tipo de contenido texto
Código de tipo de contenido txt
337 ## - TIPO DE MEDIO
Fuente rdamedia
Nombre/término del tipo de medio sin medio
Código del tipo de medio n
338 ## - TIPO DE SOPORTE
Fuente rdacarrier
Nombre/término del tipo de soporte volumen
Código del tipo de soporte nc
500 ## - NOTA GENERAL
Nota general Incluye índice y bibliografía
520 ## - SUMARIO, ETC.
Sumario, etc. Indiscutiblemente es necesaria una renovación para la Universidad Autónoma Chapingo en un sentido amplio. Con una antiguedad de más de 167 años, esta institución se ha quedado anquilosada en el tiempo y en el espacio, académicamente está desfasada más de 30 años con respecto a los avances científicos y tecnológicos del primer mundo; mi propuesta es drástica, se tiene que recuperar el tiempo perdidi con la consigna de "Renovarse o Morir". La ENA debe fenecer para que surja la UACH y se deje de vivir en la nostalgia junto con la añoranza del pasado. La historia reconoce las glorias de la ENA y hay que sepultarlos con honor. Permitamos y aceptemos que la UACH surja con ímpetu, en esta publicación encontrarás una decena de propuestas, entre ellas; el cambio del modelo de producción convencional por uno alternativo, la formación de agrónomo alternativo y la creación de la División de Recursos Naturales Renovables y Agriculturas Alternativas (Direnayaa) seguramente no son suficientes, faltarán más propuestas que tendrán que analizarse en el Congreso Universitario de Chapingo, con la participación de los egresados más brillantes, evitando la endogamia chapinguera que tanto ha dañado a este órgano educativo, haciéndonos creer que el ingeniero agrónomo convencional es lo que México necesita. Como Chapingo abrámonos al mundo, tenemos mucho que dar y también que recibir.
650 #4 - PUNTO DE ACCESO ADICIONAL DE MATERIA--TÉRMINO DE MATERIA
Término de materia o nombre geográfico como elemento de entrada UACH
Subdivisión general Estudiantes
-- Anecdotas
9 (RLIN) 131248
650 #4 - PUNTO DE ACCESO ADICIONAL DE MATERIA--TÉRMINO DE MATERIA
Término de materia o nombre geográfico como elemento de entrada UACH
Subdivisión general Profesores
9 (RLIN) 115806
650 #4 - PUNTO DE ACCESO ADICIONAL DE MATERIA--TÉRMINO DE MATERIA
Término de materia o nombre geográfico como elemento de entrada UACH
Subdivisión general Planes de estudio
9 (RLIN) 115804
942 ## - ELEMENTOS DE PUNTO DE ACCESO ADICIONAL (KOHA)
Fuente del sistema de clasificación o colocación Dewey Decimal Classification
Tipo de ítem Koha Libro
Holdings
Estado de retiro Estado de pérdida Fuente del sistema de clasificación o colocación Estado dañado Restricciones de uso No para préstamo Código de colección Localización permanente Ubicación/localización actual Ubicación en estantería Fecha de adquisición Total de préstamos Signatura topográfica completa Código de barras Fecha visto por última vez Precio válido a partir de Tipo de ítem Koha Número de copia
    Dewey Decimal Classification   Préstamo interno   Publicaciones UACh Biblioteca Central Biblioteca Central Planta alta - Área de Tesis - UACh 17/09/2024   378.72092 R93 33724002590780 17/09/2024 17/09/2024 Libro  
    Dewey Decimal Classification   Préstamo 15 días   General Biblioteca Central Biblioteca Central Planta alta - Colección General 17/09/2024   378.72092 R93 33724002590743 17/09/2024 17/09/2024 Libro c.2